Am spärlichsten besiedelte Kreise Deutschlands - Statistiken

Allgemein
  • Dieses Quiz wurde 75 mal gespielt
  • Das Durchschnittsergebnis liegt bei 9 aus 16
Antwortstatistiken
Dichte Bundesland Landkreis % Korrekt
39 Brandenburg Uckermark
77%
47 Mecklenburg-Vorpommern Mecklenburgische Seenplatte
75%
60 Mecklenburg-Vorpommern Vorpommern-Greifswald
75%
45 Mecklenburg-Vorpommern Ludwigslust-Parchim
70%
63 Mecklenburg-Vorpommern Rostock
65%
36 Sachsen-Anhalt Altmarkkreis Salzwedel
63%
46 Sachsen-Anhalt Stendal
60%
40 Niedersachsen Lüchow-Dannenberg
58%
39 Brandenburg Ostprignitz-Ruppin
58%
54 Brandenburg Elbe-Elster
57%
36 Brandenburg Prignitz
52%
61 Rheinland-Pfalz Eifelkreis Bitburg-Prüm
50%
57 Sachsen-Anhalt Jerichower Land
47%
65 Sachsen-Anhalt Wittenberg
45%
64 Niedersachsen Uelzen
38%
66 Bayern Neustadt an der Waldnaab
17%
Keine übereinstimmenden Quizze gefunden
Verteilung der Resultate
Anzahl Personen mit jedem Resultat
Perzentil nach korrekt beantworteten Fragen
Ihre Resultats-Entwicklung
Sie haben dieses Quiz noch nicht gespielt